000
00221nam a22000857a 4500
008
160916b xxu||||| |||| 00| 0 eng d
100
_9
572
_a
Verma.R.
245
_a
Science-CCE-9
260
_a
New Delhi
_b
S. Chand Publications
_c
2012
999
_c
3229
_d
3229